| 000 | 03305cam a2200493Ki 4500 | ||
|---|---|---|---|
| 001 | 9781003123163 | ||
| 003 | FlBoTFG | ||
| 005 | 20250103113427.0 | ||
| 006 | m o d | ||
| 007 | cr cnu|||unuuu | ||
| 008 | 210108s2020 xx o 000 0 eng d | ||
| 040 |
_aOCoLC-P _beng _erda _epn _cOCoLC-P |
||
| 020 |
_a9781003123163 _q(electronic bk.) |
||
| 020 |
_a1003123163 _q(electronic bk.) |
||
| 020 |
_a9781000341171 _q(electronic bk. : Mobipocket) |
||
| 020 |
_a1000341178 _q(electronic bk. : Mobipocket) |
||
| 020 |
_a9781000341577 _q(electronic bk. : EPUB) |
||
| 020 |
_a1000341577 _q(electronic bk. : EPUB) |
||
| 020 | _z9781859785782 | ||
| 020 |
_a9781000340693 _q(electronic bk. : PDF) |
||
| 020 |
_a1000340694 _q(electronic bk. : PDF) |
||
| 024 |
_a10.4324/9781003123163 _2doi |
||
| 035 | _a(OCoLC)1229166371 | ||
| 035 | _a(OCoLC-P)1229166371 | ||
| 050 | _aK4230 | ||
| 072 |
_aLAW _x066000 _2bisacsh |
||
| 072 |
_aLBDM _2bicssc |
||
| 082 |
_a343.096 _223 |
||
| 100 | _aRichardson, John. | ||
| 245 |
_aCombined Transport Documents : _bA Handbook of Contracts for the Combined Transport Industry. |
||
| 250 | _aFirst edition. | ||
| 260 |
_a[Place of publication not identified] : _bInforma Law from Routledge, _c2020. |
||
| 300 | _a1 online resource (480 pages). | ||
| 336 |
_atext _btxt _2rdacontent |
||
| 337 |
_acomputer _bc _2rdamedia |
||
| 338 |
_aonline resource _bcr _2rdacarrier |
||
| 505 | _aChapter 1. Procuring tonnage - charter party Chapter 2. operating agreements Chapter 3. Slot charters Chapter 4. Container and containerspace hiring agreements (consortium operations) Chapter 5. container leasing and equipment handover agreement (general operation) Chapter 6. contacts of carriage (Bill of lading, waybills) Chapter 7. Standard trading conditions Chapter 8. General average and salvage (guidance notes for consortium operation) Chapter 9. Letters of indemnity. | ||
| 520 | _aCombined Transport Documents provides a comprehensive guide to combined transport or multi-modal contracts. It examines the main contracts that deal with combined transport logically, from those concerned with the procuring of tonnage through to those that deal with general average and salvage. It also focuses on the complicated chains of indemnity particular to multimember consortium operations and explains in substantial detail a recommended draft bill of lading contract of carriage which the author himself developed. Combined Transport Documents provides a comprehensive guide to combined transport or multi-modal contracts. It examines the main contracts that deal with combined transport logically, from those concerned with the procuring of tonnage through to those that deal with general average and salvage. It also focuses on the complicated chains of indemnity particular to multi-member consortium operations and explains in substantial detail a recommended draft bill of lading contract of carriage which the author himself developed. | ||
| 588 | _aOCLC-licensed vendor bibliographic record. | ||
| 650 | _aContracts, Maritime. | ||
| 650 |
_aLAW / Maritime _2bisacsh |
||
| 856 |
_3Taylor & Francis _uhttps://www.taylorfrancis.com/books/9781003123163 |
||
| 856 |
_3OCLC metadata license agreement _uhttp://www.oclc.org/content/dam/oclc/forms/terms/vbrl-201703.pdf |
||
| 999 |
_c12686 _d12686 |
||